<?xml version="1.0" encoding="UTF-8"?>
<record
    xmlns:xsi="http://www.w3.org/2001/XMLSchema-instance"
    xsi:schemaLocation="http://www.loc.gov/MARC21/slim http://www.loc.gov/standards/marcxml/schema/MARC21slim.xsd"
    xmlns="http://www.loc.gov/MARC21/slim">

  <leader>00583nam a2200145Ia 4500</leader>
  <controlfield tag="008">100204s9999    xx            000 0 und d</controlfield>
  <datafield tag="082" ind1=" " ind2=" ">
    <subfield code="b">5536</subfield>
  </datafield>
  <datafield tag="100" ind1=" " ind2=" ">
    <subfield code="a">&#x926;&#x947;&#x936;&#x92A;&#x93E;&#x902;&#x921;&#x947;   &#x905;&#x936;&#x94B;&#x915;</subfield>
  </datafield>
  <datafield tag="245" ind1=" " ind2=" ">
    <subfield code="a">&#x928;&#x93E;&#x91F;&#x92F;&#x91B;&#x91F;&#x93E; ( &#x915;&#x947;&#x935;&#x933; &#x92E;&#x941;&#x932;&#x93E;&#x902;&#x938;&#x93E;&#x920;&#x940; )</subfield>
  </datafield>
  <datafield tag="260" ind1=" " ind2=" ">
    <subfield code="b">"&#x91C;&#x94B;&#x936;&#x940;  &#x92C;&#x94D;&#x930;&#x926;&#x930;&#x94D;&#x938;  &#x92A;&#x92C;&#x94D;&#x932;&#x93F;&#x936;&#x930;&#x94D;&#x938;,  &#x92A;&#x941;&#x923;&#x947;"</subfield>
    <subfield code="c">1982 re</subfield>
  </datafield>
  <datafield tag="300" ind1=" " ind2=" ">
    <subfield code="a">64</subfield>
  </datafield>
  <datafield tag="630" ind1=" " ind2=" ">
    <subfield code="a">&#x928;&#x93E;&#x91F;&#x92F;&#x91B;&#x91F;&#x93E; ( &#x915;&#x947;&#x935;&#x933; &#x92E;&#x941;&#x932;&#x93E;&#x902;&#x938;&#x93E;&#x920;&#x940; )</subfield>
  </datafield>
  <datafield tag="730" ind1=" " ind2=" ">
    <subfield code="a">&#x928;&#x93E;&#x91F;&#x92F;&#x91B;&#x91F;&#x93E; ( &#x915;&#x947;&#x935;&#x933; &#x92E;&#x941;&#x932;&#x93E;&#x902;&#x938;&#x93E;&#x920;&#x940; )</subfield>
  </datafield>
  <datafield tag="942" ind1=" " ind2=" ">
    <subfield code="c">BOOK</subfield>
  </datafield>
  <datafield tag="999" ind1=" " ind2=" ">
    <subfield code="c">450110</subfield>
    <subfield code="d">450107</subfield>
  </datafield>
  <datafield tag="952" ind1=" " ind2=" ">
    <subfield code="0">0</subfield>
    <subfield code="1">0</subfield>
    <subfield code="4">0</subfield>
    <subfield code="7">0</subfield>
    <subfield code="a">NCKMULUND</subfield>
    <subfield code="b">NCKMULUND</subfield>
    <subfield code="d">2010-02-04</subfield>
    <subfield code="g">6.00</subfield>
    <subfield code="l">0</subfield>
    <subfield code="o">5536</subfield>
    <subfield code="p">NCKMULUND-5536</subfield>
    <subfield code="r">2010-02-04 00:00:00</subfield>
    <subfield code="v">6.00</subfield>
    <subfield code="w">2010-02-04</subfield>
    <subfield code="y">BOOK</subfield>
  </datafield>
</record>
